Calciatori del Bayern Monaco nella Squadra dell'anno UEFA - Statistics

Statistiche generali
  • Questo quiz è stato fatto 6 volte
  • Il punteggio medio è 9 su 14
Statistiche sulle risposte
Numero apparizioni Edizioni apparizioni Nazione Calciatore % Corretto
2 2011; 2014 Paesi Bassi Arjen Robben
100%
1 2020 Canada Alphonso Davies
83%
2 2014; 2015 Austria David Alaba
83%
4 2013; 2014; 2015; 2020 Germania Manuel Neuer
83%
5 2006; 2008; 2012; 2013; 2014 Germania Philipp Lahm
83%
2 2019; 2020 Polonia Robert Lewandowski
83%
1 2020 Spagna Thiago Alcántara
83%
1 2008 Francia Franck Ribéry
67%
1 2020 Germania Joshua Kimmich
67%
1 2016 Germania Jérôme Boateng
50%
1 2002 Germania Michael Ballack
50%
1 2014 Germania Toni Kroos
50%
1 2001 Francia Bixente Lizarazu
33%
1 2001 Svezia Patrik Andersson
17%
Nessun quiz corrispondente trovato
Distribuzione punteggi
Percentuale di utenti per punteggio
Percentile per numero di risposta
I tuoi punteggi nel tempo
Non hai fatto questo quiz